| 000 | 00949npm a2200241 i 4500 | ||
|---|---|---|---|
| 001 | 5303 | ||
| 003 | ES-MaACL | ||
| 005 | 20230909110925.0 | ||
| 007 | hzrazu bucu | ||
| 008 | 900430r19901828fr b 00010 fre d | ||
| 080 | _a8.09 | ||
| 100 | 1 |
_aSchlegel, Friedrich ( _d1772-1829) _9104394 |
|
| 245 | 1 | 0 |
_aHistoire de la Litterature ancienne et moderne _b: [Microforma] / _cpar F. Schlegel ; traduit de l'allemand... par William Duckett. |
| 260 |
_aMadrid : _bAteneo Cientifico, Literario y Artistico, _c1990. |
||
| 300 |
_a3 microfichas : _bnegativo. |
||
| 500 | _aPublicado originalmente: Paris, Geneve Cherbulier, 1828, en 2 v. | ||
| 505 | 8 | _aMicroficha n. 1: Tomo 1 (p.399) -- Microficha n. 2: Tomo 1 a tomo 2 (p.340) -- Microficha n. 3: Tomo 2 a tomo 3 | |
| 650 | 1 | 4 |
_aObras de 1800. _915662 |
| 700 | 1 |
_aDuckett, William ( _d1805-1873) _945836 |
|
| 852 |
_aES-MaACL _jMCF-46 _95420 |
||
| 942 |
_2udc _cMICROFORMA |
||
| 999 |
_c5303 _d5303 |
||